In the shadow of the peacock (Record no. 46561)

MARC details
000 -LEADER
fixed length control field 00478nam a2200145 a 4500
008 - FIXED-LENGTH DATA ELEMENTS--GENERAL INFORMATION
fixed length control field 120416s0000 ||||||||||||||||| || u
020 ## - INTERNATIONAL STANDARD BOOK NUMBER
International Standard Book Number 0340252626
050 ## - LIBRARY OF CONGRESS CALL NUMBER
Classification number PR 6057.O69I5
100 ## - MAIN ENTRY--PERSONAL NAME
Personal name Gordon, Katherine
245 10 - TITLE STATEMENT
Title In the shadow of the peacock
260 ## - PUBLICATION, DISTRIBUTION, ETC.
Place of publication, distribution, etc. London
Name of publisher, distributor, etc. Hodder & Stoughton
Date of publication, distribution, etc. 1980
300 ## - PHYSICAL DESCRIPTION
Extent 348p.
350 ## - PRICE (NR) (BK AM CF MU VM SE) [OBSOLETE]
Price 0.00
995 ## - RECOMMENDATION 995 [LOCAL, UNIMARC FRANCE]
-- 0.00
-- CBU-MAIN LIBRARY (Kitwe)
-- 1
-- 10.95
-- 1
-- AVAILABLE
-- Fiction Collection
Holdings
Withdrawn status Lost status Source of classification or shelving scheme Damaged status Not for loan Home library Current library Shelving location Date acquired Total Checkouts Full call number Barcode Date last seen Price effective from Koha item type
          CBU-MAIN LIBRARY, KITWE. CBU-MAIN LIBRARY, KITWE.   11/30/2022   PR 6057.O69I5 011581 11/30/2022 11/30/2022 MONOGRAPH